Important Dates in World History - Statistics

General Stats
  • This quiz has been taken 366 times
  • The average score is 5 of 15
Answer Stats
Hint Answer % Correct
1066 Battle of Hastings
70%
1939 Start of World War II
66%
1914 Start of World War I
65%
2001 Terrorist attacks America
63%
1215 Signing of Magna Carta
46%
1776 Declaration of Independence
40%
1861 American Civil War
38%
1789 French Revolution starts
37%
1941 Bombing of Pearl Harbor
34%
1991 Fall of Berlin Wall
17%
406 Visigoths invade Rome
15%
1917 Bolshevik Revolution
10%
1492 Columbus sails the ocean blue
8%
1949 Mao Zedong controlls China
3%
1945 US drops atomic bomb on Japan
2%
No matching quizzes found
Score Distribution
Percent of People with Each Score
Percentile by Number Answered
Your Score History
You have not taken this quiz